Państwa w Oceanii, w których stolica nie jest największa - Statystyki

Ogólne statystyki
  • Ten quiz został rozwiązany 3 053 razy
  • Średni wynik to 6 z 8
Statystyki odpowiedzi
Państwo Stolica Największe miasto % Poprawnych
Australia Canberra Sydney
97%
Nowa Zelandia Wellington Auckland
93%
Fidżi Suva Nasinu
79%
Palau Ngerulmud Koror
78%
Nauru Yaren Meneng
76%
Tuvalu Vaiaku Senala
76%
Mikronezja Palikir Weno
73%
Kiribati Bairiki Betio
70%
Nie znaleziono quizów pasujących do podanych kryteriów
Rozkład punktacji
Procent ludzi z każdym wynikiem
Percentyl według liczby udzielonych odpowiedzi
Twoja historia wyników
Nie rozwiązałeś tego quizu